| 000 | 00374 a2200133 4500 | ||
|---|---|---|---|
| 001 | ART_41328 | ||
| 005 | 20260410161629.0 | ||
| 008 | 260409a | ||
| 245 | 1 | 0 | _aContabilidad socio-ambiental |
| 100 | 1 | _aGeba, Norma Beatriz | |
| 700 | 1 | _aCatani, María Laura | |
| 700 | 1 | _aBifaretti, Marcela Claudia | |
| 773 | 0 |
_tEnfoques _g- Nº 3 (mar. 2017) _wREV416 |
|
| 999 |
_c12249 _d12249 |
||